000 00410nam a2200169Ia 4500
008 230524s9999 xx 000 0 und d
082 _a621.8
_bJEY
100 _aT.Jeyapoovan
245 0 _aEngineering Drawing with Autocad 2000
250 _a1ST
260 _aNEW DELHI
_bVikas
_c2000
300 _aXX;662
500 _aQuantity Number: 2
650 _aComp-Sc
700 _a",,, ,"
_945350
942 _cBK
999 _c11049
_d11049